000 002500000a22000970004500
100 1 _aReesor, Larry
245 1 0 _aThe local church's role in mission
300 _aVol.22, núm.3 (June, 2000), Páginas 45-47
773 0 _tMission Frontiers
942 _cANA
999 _c60370
_d60370